Statistics for Hunger Games Last Names

Click here to take the quiz!

General Stats

  • This quiz has been taken 37 times
  • The average score is 12 of 16

Answer Stats

First Name Answer % Correct
KatnissEverdeen
100%
PeetaMellark
93%
EffieTrinket
85%
SenecaCrane
85%
PlutarchHeavensbee
81%
FinnickOdair
81%
CoriolanusSnow
81%
CaesarFlickerman
78%
JohannaMason
78%
GaleHawthorne
78%
HaymitchAbernathy
70%
AnnieCresta
67%
ClaudiusTemplesmith
67%
MadgeUndersee
63%
BeeteeLatier
41%
MagsFlanagan
22%

Score Distribution

Percentile by Number Answered

Percent of People with Each Score

Your Score History

You have not taken this quiz